000 00694cam a22002172 4500
001 0000003460
005 20151217154339.0
008 070507s xx 000 0 eng d
020 _a9966442057 :
_cKES 288
040 _aKABU
_cKABU
050 0 _aKSK9
_b.J33 1986
100 1 _aJackson, Tudor.
_@0000153409
245 1 4 _aThe Law of Kenya :
_ban introduction : cases and statutes /
_cTudor Jackson.
260 _aNairobi :
_bKenya Literature Bureau,
_c1986.
300 _axiii, 54 p. ;
_c21 cm.
650 0 _aLaw
_zKenya.
_@0000153410
908 _a070507
950 _@1
999 _c10670
_d10670